[Event "SERBIA CHESS OPEN 2021 – MASTERS"]
[Site "Belgrade, Hotel Metropol"]
[Date "2021.07.06"]
[Round "6.1"]
[White "Petrosyan, Manuel"]
[Black "Sanal, Vahap"]
[Result "1/2-1/2"]
[WhiteElo "2632"]
[BlackElo "2556"]
[PlyCount "118"]
[EventDate "2021.??.??"]

1. d4 Nf6 2. c4 e6 3. Nf3 d5 4. Nc3 Be7 5. Bf4 O-O 6. e3 b6 7. a3 c5 8. dxc5
bxc5 9. Bd3 Bb7 10. O-O Nbd7 11. h3 Qb6 12. cxd5 exd5 13. Na4 Qd8 14. Rc1 a5
15. Qe2 c4 16. Bc2 Nc5 17. Rfd1 Nxa4 18. Bxa4 Qb6 19. Be5 Ne4 20. Bc2 Nc5 21.
Nd4 g6 22. Qg4 Bf6 23. Bxf6 Qxf6 24. Rb1 Rab8 25. b4 axb4 26. Rxb4 Ra8 27. Qg3
Bc8 28. Rb5 Ne6 29. a4 Nxd4 30. Rxd4 Be6 31. Qd6 Rfd8 32. Qb4 Rdc8 33. a5 Qd8
34. Qc3 Qd7 35. Rb6 Qa7 36. Bxg6 fxg6 37. Rxe6 Qxa5 38. Qc2 Kf7 39. Rd6 Qa1+
40. Rd1 Ra2 41. Rxa1 Rxc2 42. Ra7+ Kg8 43. Rdd7 h5 44. Rg7+ Kh8 45. Rh7+ Kg8
46. Rag7+ Kf8 47. Rxg6 c3 48. g3 Rc5 49. Ra6 Kg8 50. Rd7 Rc8 51. Raa7 Rb2 52.
Rg7+ Kf8 53. Rh7 Kg8 54. Rhc7 Rxc7 55. Rxc7 c2 56. Kg2 Kf8 57. g4 h4 58. g5 Kg8
59. Kf3 Ra2 1/2-1/2

[Event "SERBIA CHESS OPEN 2021 – MASTERS"]
[Site "Belgrade, Hotel Metropol"]
[Date "2021.07.06"]
[Round "6.2"]
[White "Shevchenko, Kirill"]
[Black "Indjic, Aleksandar"]
[Result "1/2-1/2"]
[WhiteElo "2605"]
[BlackElo "2607"]
[PlyCount "72"]
[EventDate "2021.??.??"]

1. e4 e5 2. Nf3 Nf6 3. Nxe5 d6 4. Nf3 Nxe4 5. Nc3 Nf6 6. d4 Be7 7. h3 O-O 8.
Bd3 Nbd7 9. O-O b6 10. d5 a6 11. a4 Bb7 12. Re1 Re8 13. Bc4 Bf8 14. Bg5 h6 15.
Bh4 Rxe1+ 16. Qxe1 g5 17. Bg3 b5 18. axb5 axb5 19. Rxa8 Bxa8 20. Bxb5 Nxd5 21.
Nxd5 Bxd5 22. Nd4 Nf6 23. c4 Bb7 24. Bc6 Bxc6 25. Nxc6 Qa8 26. Ne7+ Kg7 27.
Nf5+ Kg6 28. Ne7+ Bxe7 29. Qxe7 Qc6 30. b3 Qb6 31. b4 Qxb4 32. Qxc7 Ne4 33. Kh2
Qc5 34. Qe7 Nxg3 35. fxg3 h5 36. Qf8 Qxc4 1/2-1/2

[Event "SERBIA CHESS OPEN 2021 – MASTERS"]
[Site "Belgrade, Hotel Metropol"]
[Date "2021.07.06"]
[Round "6.3"]
[White "Kourkoulos-Arditis, Stamatis"]
[Black "Fedoseev, Vladimir"]
[Result "0-1"]
[WhiteElo "2485"]
[BlackElo "2696"]
[PlyCount "82"]
[EventDate "2021.??.??"]

1. d4 d5 2. c4 c6 3. Nf3 Nf6 4. e3 Bf5 5. Nc3 e6 6. Nh4 Bg6 7. Be2 Nbd7 8. O-O
Be7 9. g3 a6 10. Bd2 dxc4 11. Nxg6 hxg6 12. Bxc4 c5 13. Be2 O-O 14. Bf3 Rb8 15.
Rc1 e5 16. Ne2 b5 17. dxc5 Bxc5 18. Nc3 Qe7 19. Qb3 Rfd8 20. Rfd1 e4 21. Bg2
Bb6 22. Ne2 Nc5 23. Qa3 Rd3 24. b3 a5 25. Nd4 b4 26. Qb2 Rxd4 27. Qxd4 Nxb3 28.
Qc4 Nxc1 29. Bxc1 Bc7 30. Bb2 Be5 31. Bxe5 Qxe5 32. Rd4 Re8 33. Qc6 Qf5 34. h3
Rc8 35. Qd6 a4 36. g4 Rc1+ 37. Rd1 Qc8 38. g5 b3 39. axb3 a3 40. Qd2 Rxd1+ 41.
Qxd1 a2 0-1

[Event "SERBIA CHESS OPEN 2021 – MASTERS"]
[Site "Belgrade, Hotel Metropol"]
[Date "2021.07.06"]
[Round "6.4"]
[White "Kovalenko, Igor"]
[Black "Bjerre, Jonas Buhl"]
[Result "1-0"]
[WhiteElo "2643"]
[BlackElo "2546"]
[PlyCount "185"]
[EventDate "2021.??.??"]

1. d4 Nf6 2. Nf3 e6 3. c4 d5 4. Nc3 Bb4 5. cxd5 exd5 6. Bg5 h6 7. Bh4 O-O 8. e3
Bf5 9. Be2 Nbd7 10. O-O c6 11. Qb3 Qb6 12. Bg3 Be7 13. Nd2 Rfe8 14. Rfc1 Qxb3
15. Nxb3 a5 16. a4 Ne4 17. Bc7 Bd8 18. Bxd8 Rexd8 19. Nxe4 Bxe4 20. Bg4 Nf6 21.
h3 Ra6 22. Ra3 Rb6 23. Nxa5 Rxb2 24. Rb3 Rxb3 25. Nxb3 Ne8 26. a5 Ra8 27. Be2
Bf5 28. Kf1 Kf8 29. Ke1 Ke7 30. Kd2 Nd6 31. Kc3 Kd8 32. Kb4 Kc7 33. g4 Be6 34.
Nc5 b6 35. axb6+ Kxb6 36. Kb3 Ne4 37. Na4+ Kc7 38. f3 Rb8+ 39. Kc2 Ra8 40. Kb3
Rb8+ 41. Ka3 Nd6 42. Nc5 Ra8+ 43. Kb2 Nb7 44. Na6+ Kd6 45. Rc3 Bc8 46. h4 Nd8
47. Nb4 Rb8 48. Rb3 Ne6 49. Kc3 c5 50. dxc5+ Nxc5 51. Ra3 Bd7 52. Nc2 Na4+ 53.
Kd2 Rb2 54. Kc1 Rb8 55. Nd4 g6 56. Bd1 Nc5 57. Ra7 Ne6 58. Ne2 Rc8+ 59. Kd2 Rc7
60. Ra6+ Rc6 61. Ra1 Ke7 62. Bb3 Rd6 63. Ra5 Bc6 64. Kd3 Bb7 65. Kd2 Kf6 66.
Ng3 Kg7 67. Rb5 Bc6 68. Rb6 Nc5 69. Bd1 Nd7 70. Ra6 Ne5 71. Kc3 Re6 72. Kd4 Nc4
73. Nf1 Bb5 74. Ra1 Ne5 75. Ng3 Bc4 76. h5 Nc6+ 77. Kc5 Ne7 78. hxg6 fxg6 79.
Ra3 Rc6+ 80. Kd4 Kf6 81. e4 Ke6 82. Ba4 Rc7 83. f4 dxe4 84. Rc3 Nd5 85. Rxc4
Rxc4+ 86. Kxc4 Nb6+ 87. Kb5 Nxa4 88. Kxa4 h5 89. Kb3 Kd5 90. Kc3 hxg4 91. Kd2
g5 92. fxg5 Ke5 93. Ke3 1-0

[Event "SERBIA CHESS OPEN 2021 – MASTERS"]
[Site "Belgrade, Hotel Metropol"]
[Date "2021.07.06"]
[Round "6.5"]
[White "Ter-Sahakyan, Samvel"]
[Black "Aleksandrov, Aleksej"]
[Result "1/2-1/2"]
[WhiteElo "2643"]
[BlackElo "2535"]
[PlyCount "103"]
[EventDate "2021.??.??"]

1. e4 c5 2. Nf3 Nf6 3. e5 Nd5 4. Nc3 e6 5. Ne4 Nc6 6. c4 f5 7. cxd5 fxe4 8.
dxc6 exf3 9. Qxf3 dxc6 10. b3 Qd4 11. Qc3 a5 12. Bb2 Qe4+ 13. Qe3 Qxe3+ 14.
dxe3 a4 15. O-O-O Be7 16. f4 h5 17. g3 Kf7 18. h3 b5 19. Bg2 Ra6 20. Be4 a3 21.
Bc3 b4 22. Be1 c4 23. bxc4 c5 24. Rh2 Ra7 25. Bc2 Rd7 26. Rxd7 Bxd7 27. Rd2 Bc6
28. e4 Rd8 29. Rxd8 Bxd8 30. Bf2 Be7 31. Kd2 g6 32. Ke2 Bb7 33. Kf3 Ba6 34. Bb3
Bb7 35. Ke3 Bf8 36. Kd3 Bc6 37. Bc2 Be7 38. Bd1 Bf8 39. g4 hxg4 40. hxg4 Bd7
41. Bc2 g5 42. f5 Kg7 43. Be3 Kh6 44. Bc1 Be7 45. f6 Bf8 46. Bxa3 bxa3 47. Kc3
Kg6 48. Kb3 Kf7 49. Kxa3 Bc6 50. Bd1 Ke8 51. Ba4 Kd7 52. Bxc6+ 1/2-1/2

[Event "SERBIA CHESS OPEN 2021 – MASTERS"]
[Site "Belgrade, Hotel Metropol"]
[Date "2021.07.06"]
[Round "6.6"]
[White "Erenberg, Ariel"]
[Black "Hovhannisyan, Robert"]
[Result "0-1"]
[WhiteElo "2506"]
[BlackElo "2632"]
[PlyCount "112"]
[EventDate "2021.??.??"]

1. d4 d5 2. c4 c6 3. Nc3 Nf6 4. Nf3 e6 5. Bg5 Nbd7 6. e3 Qa5 7. Nd2 dxc4 8.
Bxf6 Nxf6 9. Nxc4 Qc7 10. Be2 Be7 11. Rc1 O-O 12. O-O Rd8 13. Qb3 Bd7 14. Bf3
Rac8 15. h3 Be8 16. Rfd1 c5 17. dxc5 Qxc5 18. Rxd8 Bxd8 19. Ne2 Rb8 20. Rd1 Bc7
21. Qa3 Qxa3 22. Nxa3 Kf8 23. Rc1 Bd8 24. Nd4 Ke7 25. Nc4 Bc7 26. b4 Bd7 27.
Nb3 b6 28. Nd4 Bd6 29. Nxd6 Kxd6 30. Nc6 Rc8 31. Rd1+ Nd5 32. Nxa7 Rc7 33. e4
Rxa7 34. exd5 e5 35. Rd2 Bb5 36. Rc2 f5 37. g4 e4 38. Bg2 g6 39. Rc8 Kxd5 40.
gxf5 gxf5 41. Rb8 f4 42. Rxb6 Bd3 43. h4 Rxa2 44. Rf6 Ke5 45. Rf8 e3 46. Re8+
Kd4 47. fxe3+ fxe3 48. Bf3 Rf2 49. Bh5 Rf5 50. Bg4 Rf4 51. Bh5 Be4 52. Rd8+ Kc3
53. Re8 Kd2 54. Rd8+ Bd3 55. b5 Rxh4 56. Bf3 e2 0-1

[Event "SERBIA CHESS OPEN 2021 – MASTERS"]
[Site "Belgrade, Hotel Metropol"]
[Date "2021.07.06"]
[Round "6.7"]
[White "Nihal, Sarin"]
[Black "Iskandarov, Misratdin"]
[Result "1-0"]
[WhiteElo "2620"]
[BlackElo "2533"]
[PlyCount "163"]
[EventDate "2021.??.??"]

1. Nf3 Nf6 2. c4 g6 3. b3 Bg7 4. Bb2 O-O 5. g3 d5 6. Bg2 c6 7. O-O a5 8. Nc3
Ne4 9. Na4 Bxb2 10. Nxb2 Na6 11. d3 Nf6 12. cxd5 cxd5 13. Qd2 Bd7 14. Rfc1 Qb6
15. Na4 Qd6 16. Qxa5 Nb4 17. Qc7 Bxa4 18. Qxd6 exd6 19. bxa4 Rxa4 20. Rab1 Re8
21. a3 Na6 22. Rxb7 Nc5 23. Rb2 Rxa3 24. Nd4 Ra4 25. Nb5 Rb8 26. Rbb1 Ra2 27.
Bf3 Ne6 28. Nxd6 Rd8 29. Nb5 g5 30. Kf1 g4 31. Bg2 Kg7 32. Nc3 Ra3 33. Nd1 d4
34. Nb2 Rb8 35. Nc4 Rxb1 36. Rxb1 Ra2 37. h3 h5 38. hxg4 hxg4 39. Bb7 Nc5 40.
Nd6 Kg6 41. Bc8 Rc2 42. Nb5 Nce4 43. dxe4 Rxc8 44. e5 Ne4 45. Rb4 Rc1+ 46. Kg2
Kf5 47. Nxd4+ Kxe5 48. f3 Nc3 49. fxg4 Kd5 50. e3 Ra1 51. Rb7 Ke4 52. Rxf7 Ra2+
53. Kh3 Kxe3 54. Rf4 Ne4 55. Nf5+ Kd3 56. Rf1 Ke2 57. Rf4 Kd3 58. Rf3+ Kc4 59.
Rf1 Ra8 60. Rb1 Kd5 61. Rb5+ Ke6 62. Nd4+ Kf6 63. Nf3 Nf2+ 64. Kh4 Ra4 65. Rf5+
Kg7 66. Ne5 Ne4 67. Rf7+ Kg8 68. Rf4 Nc5 69. g5 Ra5 70. Nc6 Ra6 71. Ne7+ Kg7
72. Kh5 Nd7 73. Nf5+ Kh7 74. Re4 Nf8 75. Re7+ Kg8 76. Rg7+ Kh8 77. Rf7 Ne6 78.
g6 Ra1 79. g7+ Kh7 80. g8=Q+ Kxg8 81. Nh6+ Kh8 82. Kg6 1-0

[Event "SERBIA CHESS OPEN 2021 – MASTERS"]
[Site "Belgrade, Hotel Metropol"]
[Date "2021.07.06"]
[Round "6.8"]
[White "Bernadskiy, Vitaliy"]
[Black "Sadikhov, Ulvi"]
[Result "1/2-1/2"]
[WhiteElo "2606"]
[BlackElo "2490"]
[PlyCount "104"]
[EventDate "2021.??.??"]

1. d4 Nf6 2. g3 c5 3. d5 g6 4. Bg2 Bg7 5. e4 d6 6. Ne2 O-O 7. a4 Na6 8. O-O e6
9. dxe6 Bxe6 10. Nf4 Bg4 11. f3 Bc8 12. Nc3 Nb4 13. Be3 Re8 14. Nb5 Bf8 15. Qd2
d5 16. c3 Nc6 17. Nxd5 Nxd5 18. exd5 Na5 19. Qf2 a6 20. Na3 Qxd5 21. f4 Qf5 22.
Nc2 Be6 23. b4 Bb3 24. bxa5 Bxc2 25. Bxb7 Be4 26. Bxe4 Rxe4 27. Qf3 Rae8 28.
Bf2 c4 29. Rad1 Qxa5 30. f5 Qxa4 31. Bd4 Qc6 32. fxg6 Qxg6 33. Rb1 Bg7 34. Bxg7
Kxg7 35. Rb7 R8e7 36. Rxe7 Rxe7 37. Qd5 Qb6+ 38. Kg2 Re2+ 39. Kh1 Qe6 40. Qg5+
Qg6 41. Qxg6+ hxg6 42. Rf4 a5 43. Rxc4 Ra2 44. Rc7 a4 45. Ra7 Kf6 46. Ra5 Ke6
47. h4 a3 48. c4 Kd6 49. g4 Rc2 50. Rxa3 Rxc4 51. Rg3 Ke5 52. Kg2 f5 1/2-1/2

[Event "SERBIA CHESS OPEN 2021 – MASTERS"]
[Site "Belgrade, Hotel Metropol"]
[Date "2021.07.06"]
[Round "6.9"]
[White "Diermair, Andreas"]
[Black "Safarli, Eltaj"]
[Result "0-1"]
[WhiteElo "2455"]
[BlackElo "2604"]
[PlyCount "82"]
[EventDate "2021.??.??"]

1. d4 Nf6 2. Nf3 g6 3. g3 Bg7 4. Bg2 O-O 5. O-O d5 6. c4 dxc4 7. Na3 a5 8. Nxc4
Be6 9. b3 a4 10. Ng5 Bd5 11. e4 Bc6 12. Bb2 h6 13. d5 Bb5 14. Nh3 c6 15. Re1
axb3 16. Qxb3 Na6 17. dxc6 bxc6 18. Red1 Qb8 19. Ba3 Qa7 20. Rdc1 Nd7 21. Rab1
Nac5 22. Bxc5 Nxc5 23. Qe3 Bxc4 24. Rxc4 Qxa2 25. Rcc1 Nd7 26. Rb7 Ra3 27. Qf4
Ne5 28. Rd1 Qe2 29. Qc1 Ra2 30. Qb1 Rfa8 31. Re1 Qd2 32. Rd1 Qc3 33. Rc1 Qa3
34. Rb3 Qd6 35. Kh1 Ng4 36. Rd3 Qe6 37. Qb6 Rb2 38. Qc7 Nxf2+ 39. Nxf2 Rxf2 40.
Rxc6 Qxc6 41. Qxc6 Ra1+ 0-1

[Event "SERBIA CHESS OPEN 2021 – MASTERS"]
[Site "Belgrade, Hotel Metropol"]
[Date "2021.07.06"]
[Round "6.10"]
[White "Bharath, Subramaniyam H"]
[Black "Postny, Evgeny"]
[Result "1/2-1/2"]
[WhiteElo "2426"]
[BlackElo "2578"]
[PlyCount "53"]
[EventDate "2021.??.??"]

1. e4 e5 2. Nf3 Nc6 3. Bc4 Nf6 4. d3 Be7 5. O-O d6 6. a4 O-O 7. Re1 Be6 8. Bxe6
fxe6 9. c3 Qd7 10. b4 a6 11. Nbd2 Rfe8 12. Bb2 Bf8 13. b5 Na5 14. c4 b6 15. Bc3
Nb7 16. Nb3 Qf7 17. Qe2 Nd7 18. d4 exd4 19. Nfxd4 a5 20. Nc6 e5 21. Qd3 Nbc5
22. Nxc5 Nxc5 23. Qd5 Rac8 24. Na7 Ra8 25. Nc6 Rac8 26. Na7 Rcd8 27. Nc6
1/2-1/2

[Event "SERBIA CHESS OPEN 2021 – MASTERS"]
[Site "Belgrade, Hotel Metropol"]
[Date "2021.07.06"]
[Round "6.11"]
[White "Asadli, Vugar"]
[Black "Makhnev, Denis"]
[Result "0-1"]
[WhiteElo "2574"]
[BlackElo "2480"]
[PlyCount "84"]
[EventDate "2021.??.??"]

1. e4 c6 2. d4 d5 3. e5 Bf5 4. Nc3 e6 5. g4 Bg6 6. Nge2 c5 7. h4 h5 8. Nf4 Bh7
9. Nxh5 Nc6 10. dxc5 Bxc5 11. Bg5 Qb6 12. Bb5 d4 13. Qf3 dxc3 14. Bxc6+ Kf8 15.
b4 Qxb4 16. Nf4 Qc4 17. Bb5 Qe4+ 18. Qxe4 Bxe4 19. Rh3 Nh6 20. Ke2 a6 21. Ba4
Nxg4 22. f3 Bf5 23. fxg4 Bxg4+ 24. Rf3 Bxf3+ 25. Kxf3 Be7 26. Rd1 Bxg5 27. hxg5
g6 28. Rd7 b5 29. Bb3 Rh1 30. Ne2 Rf1+ 31. Kg4 a5 32. a4 bxa4 33. Bxa4 Rc8 34.
Rd4 Rc5 35. Ng3 Re1 36. Ne4 Rxe5 37. Nf6 Kg7 38. Ne8+ Kh8 39. Rd8 Rg1+ 40. Kf4
Rexg5 41. Kf3 Rf5+ 42. Ke3 Re1+ 0-1

[Event "SERBIA CHESS OPEN 2021 – MASTERS"]
[Site "Belgrade, Hotel Metropol"]
[Date "2021.07.06"]
[Round "6.12"]
[White "Fier, Alexandr"]
[Black "Pranav, V."]
[Result "1/2-1/2"]
[WhiteElo "2569"]
[BlackElo "2366"]
[PlyCount "51"]
[EventDate "2021.??.??"]

1. e4 e5 2. Nf3 Nc6 3. Bb5 a6 4. Ba4 Nf6 5. O-O b5 6. Bb3 Bc5 7. c3 d6 8. d4
Bb6 9. Be3 O-O 10. Nbd2 h6 11. h3 Bb7 12. Bc2 Re8 13. d5 Ne7 14. Bxb6 cxb6 15.
Re1 Ng6 16. g3 Bc8 17. Kh2 Bd7 18. Bd3 Qc8 19. Bf1 Nh7 20. c4 b4 21. a3 bxa3
22. Rxa3 Qc5 23. Qe2 f5 24. Rea1 Nf6 25. Bg2 Ne7 26. Qe3 1/2-1/2

[Event "SERBIA CHESS OPEN 2021 – MASTERS"]
[Site "Belgrade, Hotel Metropol"]
[Date "2021.07.06"]
[Round "6.14"]
[White "Suleymanli, Aydin"]
[Black "Ozenir, Ekin Baris"]
[Result "1/2-1/2"]
[WhiteElo "2563"]
[BlackElo "2331"]
[PlyCount "77"]
[EventDate "2021.??.??"]

1. d4 e6 2. Nf3 Nf6 3. Bf4 c5 4. e3 b6 5. c4 Bb7 6. d5 d6 7. Nc3 a6 8. Qa4+ b5
9. cxb5 Nxd5 10. bxa6+ Bc6 11. Bb5 Qb6 12. Nxd5 exd5 13. Bxc6+ Qxc6 14. Qxc6+
Nxc6 15. O-O-O Rxa6 16. a3 Ne7 17. Rd3 h6 18. Rb3 g5 19. Bg3 Kd7 20. Rd1 Kc6
21. e4 d4 22. h4 f6 23. Kb1 g4 24. Nxd4+ cxd4 25. Rxd4 Kc7 26. Rc4+ Nc6 27.
Rbc3 Be7 28. b4 Rb8 29. a4 Rxa4 30. Rxc6+ Kd7 31. Rc7+ Ke6 32. Kc1 Rbxb4 33.
Bf4 h5 34. Kd2 Rxe4 35. Re3 d5 36. Rxe4+ Rxe4 37. Be3 Bd6 38. Rc6 d4 39. Bh6
1/2-1/2

[Event "SERBIA CHESS OPEN 2021 – MASTERS"]
[Site "Belgrade, Hotel Metropol"]
[Date "2021.07.06"]
[Round "6.15"]
[White "Sadhwani, Raunak"]
[Black "Agibileg, Uurtsaikh"]
[Result "0-1"]
[WhiteElo "2555"]
[BlackElo "2413"]
[PlyCount "102"]
[EventDate "2021.??.??"]

1. d4 Nf6 2. c4 g6 3. g3 Bg7 4. Bg2 O-O 5. Nc3 c5 6. Nf3 d6 7. O-O Nc6 8. d5
Na5 9. Nd2 a6 10. Qc2 b5 11. cxb5 axb5 12. Nxb5 Bf5 13. e4 Bc8 14. Nc3 Ba6 15.
Re1 Ng4 16. Nf3 Bd4 17. Nd1 Nc4 18. h3 Nge5 19. Nxd4 cxd4 20. f4 Qa5 21. Rf1
Nd7 22. Qf2 Ne3 23. Nxe3 dxe3 24. Bxe3 Bxf1 25. Bxf1 Qb4 26. Bd4 Nc5 27. a3 Qb3
28. Re1 Ra4 29. Bxc5 dxc5 30. Re3 Qd1 31. Re1 Qb3 32. Bg2 Rb8 33. Re2 Rd4 34.
Kh2 Qd3 35. f5 Rb3 36. fxg6 hxg6 37. e5 Kg7 38. Re1 Qd2 39. Re2 Qd3 40. Rc2 Qe3
41. e6 Qxf2 42. Rxf2 f5 43. Rc2 Kf6 44. Bf1 Ke5 45. Kg2 Kxd5 46. Kf2 Rb6 47. h4
Kxe6 48. Bc4+ Rxc4 49. Rxc4 Rxb2+ 50. Ke1 Kd5 51. Rc3 c4 0-1

[Event "SERBIA CHESS OPEN 2021 – MASTERS"]
[Site "Belgrade, Hotel Metropol"]
[Date "2021.07.06"]
[Round "6.16"]
[White "Agmanov, Zhandos"]
[Black "Basso, Pier Luigi"]
[Result "0-1"]
[WhiteElo "2404"]
[BlackElo "2550"]
[PlyCount "92"]
[EventDate "2021.??.??"]

1. e4 e5 2. Nf3 Nc6 3. Bb5 a6 4. Ba4 Nge7 5. c3 Ng6 6. O-O d5 7. exd5 Qxd5 8.
Bb3 Qd3 9. Bc2 Qd6 10. d4 Be6 11. dxe5 Ngxe5 12. Nxe5 Nxe5 13. Bf4 Qxd1 14.
Rxd1 Bd6 15. Nd2 O-O-O 16. Bg3 Nc4 17. Nxc4 Bxg3 18. hxg3 Bxc4 19. Bb3 Bxb3 20.
axb3 Rxd1+ 21. Rxd1 Rd8 22. Rxd8+ Kxd8 23. Kf1 Ke7 24. Ke2 Kf6 25. Kd3 Kf5 26.
Kd4 Kg4 27. Ke5 h5 28. c4 f5 29. c5 g5 30. Ke6 f4 31. Kd7 c6 32. Kc7 f3 33.
gxf3+ Kxf3 34. Kxb7 h4 35. gxh4 gxh4 36. Kxc6 h3 37. Kb7 h2 38. c6 h1=Q 39. c7
Kxf2+ 40. Kb8 Qh2 41. Kb7 Qg2+ 42. Kb8 Qg3 43. Kb7 Qf3+ 44. Kb8 Qf4 45. Kb7
Qe4+ 46. Kb8 Qe5 0-1

[Event "SERBIA CHESS OPEN 2021 – MASTERS"]
[Site "Belgrade, Hotel Metropol"]
[Date "2021.07.06"]
[Round "6.17"]
[White "Pichot, Alan"]
[Black "Nikitenko, Mihail"]
[Result "0-1"]
[WhiteElo "2630"]
[BlackElo "2472"]
[PlyCount "92"]
[EventDate "2021.??.??"]

1. e4 e6 2. d4 d5 3. Nc3 Bb4 4. e5 c5 5. a3 Bxc3+ 6. bxc3 Ne7 7. Qg4 Kf8 8. h4
Qa5 9. Bd2 Qa4 10. h5 h6 11. Rh3 Nbc6 12. Qf4 b6 13. Rf3 Nd8 14. c4 dxc4 15.
dxc5 b5 16. c6 Nexc6 17. Ne2 Qxc2 18. Bc3 Bd7 19. Rc1 Qa4 20. Rd1 Be8 21. Qg4
Qxa3 22. Rg3 Rh7 23. Nd4 Qc5 24. Nxc6 Nxc6 25. Qe4 Rh8 26. Qg4 Rg8 27. Be2 b4
28. Bd2 g5 29. hxg6 Rxg6 30. Bxh6+ Kg8 31. Qf3 Qxe5 32. Rxg6+ fxg6 33. Qf8+ Kh7
34. Be3 c3 35. Rd3 Qg7 36. Qf3 Kg8 37. Bd1 Rc8 38. Qe4 Qe5 39. Qg4 Qf5 40. Qc4
Ne7 41. Qxb4 Qxd3 42. Qxe7 Qd7 43. Qf6 Qf7 44. Qg5 Qf5 45. Qh6 c2 46. Bxc2 Qxc2
0-1

[Event "SERBIA CHESS OPEN 2021 – MASTERS"]
[Site "Belgrade, Hotel Metropol"]
[Date "2021.07.06"]
[Round "6.18"]
[White "Markus, Robert"]
[Black "Ahmadzada, Ahmad"]
[Result "1/2-1/2"]
[WhiteElo "2600"]
[BlackElo "2431"]
[PlyCount "135"]
[EventDate "2021.??.??"]

1. d4 Nf6 2. c4 c5 3. d5 e6 4. Nc3 exd5 5. cxd5 d6 6. e4 g6 7. Nf3 Bg7 8. Be2
O-O 9. O-O Re8 10. Nd2 Nbd7 11. a4 Ne5 12. Qc2 a6 13. b3 g5 14. Bb2 Qe7 15.
Rae1 Bd7 16. a5 Qd8 17. Ra1 Qe7 18. Rfe1 Nfg4 19. Nd1 f5 20. exf5 Qf7 21. Bxg4
Nxg4 22. Ne3 Nxe3 23. fxe3 Bxf5 24. e4 Bg6 25. Rad1 Bxb2 26. Qxb2 Qg7 27. Qxg7+
Kxg7 28. Rc1 Bf7 29. Nc4 Rad8 30. Re3 Bg6 31. Rce1 h6 32. h3 Re7 33. R1e2 Bh5
34. Rd2 Bf7 35. Kf2 Rdd7 36. Ke2 Rd8 37. Kd3 Bg6 38. Rde2 Bf7 39. Kc3 Rc7 40.
Rb2 Be8 41. Rf2 Re7 42. Rb2 Bb5 43. Rd2 Kf6 44. Rde2 Rdd7 45. e5+ dxe5 46. Rxe5
Rxe5 47. Rxe5 h5 48. g4 hxg4 49. hxg4 Rh7 50. Re6+ Kg7 51. Re7+ Kg8 52. Rxh7
Kxh7 53. Nd6 Kg6 54. Nxb7 Kf6 55. Nd6 Be2 56. Ne4+ Ke5 57. Nxg5 Kxd5 58. Nh7
Ke6 59. g5 Kf5 60. Nf6 Kxg5 61. Nd7 Kf5 62. Nxc5 Ke5 63. Nd3+ Bxd3 64. Kxd3 Kd5
65. b4 Kc6 66. Kc4 Kd6 67. b5 axb5+ 68. Kxb5 1/2-1/2

[Event "SERBIA CHESS OPEN 2021 – MASTERS"]
[Site "Belgrade, Hotel Metropol"]
[Date "2021.07.06"]
[Round "6.19"]
[White "Aditya, Mittal"]
[Black "Ivic, Velimir"]
[Result "1-0"]
[WhiteElo "2438"]
[BlackElo "2582"]
[PlyCount "191"]
[EventDate "2021.??.??"]

1. d4 d5 2. c4 e6 3. Nc3 Nf6 4. cxd5 exd5 5. Bg5 Bb4 6. e3 h6 7. Bxf6 Qxf6 8.
Qa4+ Nc6 9. Bb5 Bd7 10. Nge2 O-O 11. O-O Qd6 12. a3 Bxc3 13. Nxc3 a6 14. Bd3
Ne7 15. Qc2 c6 16. Na4 Rad8 17. b4 Qf6 18. Nc5 Bc8 19. Qa4 b6 20. Nxa6 Ng6 21.
b5 Nh4 22. f4 cxb5 23. Qxb5 Nf5 24. Bxf5 Bxf5 25. Nb4 Be4 26. Nc6 Rc8 27. Rac1
Qd6 28. Rc3 Rc7 29. Rfc1 f6 30. Qxb6 Rd7 31. Qb2 Ra8 32. Nb4 Rda7 33. Rc8+ Rxc8
34. Rxc8+ Kh7 35. h3 Qd7 36. Rc5 Qe6 37. Qb3 Qf7 38. Qb2 Qh5 39. Nxd5 Qd1+ 40.
Kh2 Qf1 41. Nc3 Bd3 42. Qd2 Rxa3 43. Qd1 Qxd1 44. Nxd1 Ra2 45. Kg3 Be4 46. Nf2
Re2 47. Rc3 Bd5 48. e4 Bxe4 49. Nxe4 Rxe4 50. Rd3 Kg6 51. d5 Kf7 52. d6 Ke8 53.
d7+ Kd8 54. Kg4 g6 55. Rd6 f5+ 56. Kf3 g5 57. fxg5 hxg5 58. Rd5 Rf4+ 59. Ke3
Re4+ 60. Kf2 g4 61. h4 f4 62. h5 Re6 63. Rd4 Rh6 64. Rxf4 Rxh5 65. Rd4 Re5 66.
Rd2 Re4 67. Kg3 Ra4 68. Kh4 Rb4 69. Rd3 Ra4 70. g3 Rb4 71. Kg5 Ra4 72. Kf5 Rb4
73. Rd6 Ra4 74. Kg5 Rb4 75. Kf5 Ra4 76. Rg6 Ra5+ 77. Kf6 Ra4 78. Rg7 Ra3 79.
Rxg4 Kxd7 80. Rg7+ Ke8 81. Rg8+ Kd7 82. g4 Rf3+ 83. Kg6 Ke7 84. g5 Rg3 85. Kh7
Ke6 86. g6 Rh3+ 87. Kg7 Ra3 88. Rf8 Ra7+ 89. Kh8 Ra2 90. g7 Rh2+ 91. Kg8 Ke7
92. Rf7+ Ke8 93. Rf4 Re2 94. Rg4 Ke7 95. Kh7 Kf6 96. Rg6+ 1-0

[Event "SERBIA CHESS OPEN 2021 – MASTERS"]
[Site "Belgrade, Hotel Metropol"]
[Date "2021.07.06"]
[Round "6.20"]
[White "Warmerdam, Max"]
[Black "Maksimovic, Bojan"]
[Result "1-0"]
[WhiteElo "2535"]
[BlackElo "2418"]
[PlyCount "125"]
[EventDate "2021.??.??"]

1. d4 Nf6 2. c4 c5 3. d5 b5 4. cxb5 a6 5. e3 Qa5+ 6. Nc3 Bb7 7. Bd2 axb5 8.
Bxb5 Qb6 9. Nf3 Nxd5 10. a4 e6 11. e4 Nf6 12. e5 Nd5 13. Nxd5 Bxd5 14. Bc3 Nc6
15. O-O Be7 16. Nd2 O-O 17. Nc4 Qc7 18. Ne3 Be4 19. Qg4 Bg6 20. Rfd1 d5 21.
Rxd5 exd5 22. Nxd5 Nxe5 23. Qe2 Qd6 24. Qxe5 Qxe5 25. Bxe5 Bf6 26. Nxf6+ gxf6
27. Bxf6 Rfb8 28. Rc1 Bc2 29. Bf1 Bxa4 30. Rxc5 Bb3 31. f3 Rc8 32. Rg5+ Kf8 33.
Bd3 Bc2 34. Be2 Rc6 35. Bc3 Ke7 36. Rb5 Ra7 37. Kf2 Rd7 38. Rb8 Bd3 39. Bd1 Re6
40. g4 Bc4 41. Ba4 Rd3 42. Rb4 Bd5 43. Rf4 Ree3 44. Bb4+ Ke6 45. Bd1 Ke5 46.
Rf5+ Ke6 47. Be2 Rb3 48. Bc3 Rexc3 49. bxc3 Rxc3 50. Rh5 Rc8 51. Ke3 Ra8 52.
Rxh7 Ra3+ 53. Kf4 Ra4+ 54. Kg3 Ra2 55. Bf1 Ra3 56. Bg2 Ra8 57. Rh6+ f6 58. g5
Kf5 59. Rxf6+ Kxg5 60. Rd6 Bb7 61. f4+ Kf5 62. Bxb7 Ra3+ 63. Kh4 1-0

[Event "SERBIA CHESS OPEN 2021 – MASTERS"]
[Site "Belgrade, Hotel Metropol"]
[Date "2021.07.06"]
[Round "6.21"]
[White "Nguyen, Piotr"]
[Black "Zanan, Evgeny"]
[Result "1/2-1/2"]
[WhiteElo "2411"]
[BlackElo "2535"]
[PlyCount "60"]
[EventDate "2021.??.??"]

1. f4 d5 2. Nf3 g6 3. g3 Bg7 4. Bg2 c5 5. O-O Nc6 6. d3 Nf6 7. Qe1 d4 8. c4 O-O
9. Na3 e5 10. fxe5 Ng4 11. Nc2 a5 12. Bf4 Ngxe5 13. Nxe5 Nxe5 14. h3 h5 15. Qf2
Ra6 16. Kh2 g5 17. Bd2 Ng6 18. e3 Be5 19. exd4 cxd4 20. Kh1 g4 21. hxg4 Rf6 22.
Qg1 Rxf1 23. Rxf1 Bxg4 24. Bd5 Be2 25. Re1 Bxd3 26. Nxd4 Qf6 27. Nf3 Bxc4 28.
Bxb7 Bxb2 29. Qc5 Bxa2 30. Qxa5 Be6 1/2-1/2

[Event "SERBIA CHESS OPEN 2021 – MASTERS"]
[Site "Belgrade, Hotel Metropol"]
[Date "2021.07.06"]
[Round "6.22"]
[White "Raja, Rithvik R"]
[Black "Annaberdiev, Meilis"]
[Result "1/2-1/2"]
[WhiteElo "2408"]
[BlackElo "2532"]
[PlyCount "54"]
[EventDate "2021.??.??"]

1. d4 d5 2. c4 e6 3. Nc3 a6 4. cxd5 exd5 5. Nf3 h6 6. Qb3 Nf6 7. e4 Nxe4 8.
Nxe4 dxe4 9. Bc4 Bb4+ 10. Nd2 Qe7 11. O-O O-O 12. Re1 Bf5 13. a3 Bxd2 14. Bxd2
Nc6 15. Qxb7 Qd7 16. Bf4 Na5 17. Qb4 Nxc4 18. Qxc4 c6 19. Rac1 Rfc8 20. Qc5 Bg6
21. b4 Qd8 22. Qd6 Qe8 23. Rc3 Rd8 24. Qxc6 Qxc6 25. Rxc6 Rxd4 26. Rec1 Rd3 27.
R6c3 Rad8 1/2-1/2

[Event "SERBIA CHESS OPEN 2021 – MASTERS"]
[Site "Belgrade, Hotel Metropol"]
[Date "2021.07.06"]
[Round "6.23"]
[White "Nenezic, Marko"]
[Black "Vardaan, Nagpal"]
[Result "1-0"]
[WhiteElo "2531"]
[BlackElo "2366"]
[PlyCount "77"]
[EventDate "2021.??.??"]

1. Nf3 d5 2. g3 Nf6 3. Bg2 e6 4. O-O Be7 5. d4 O-O 6. c4 Ne4 7. Qc2 c6 8. b3 f5
9. Ba3 Bxa3 10. Nxa3 Qe7 11. Qb2 Bd7 12. Nc2 Be8 13. Nce1 Nd7 14. Nd3 Bh5 15.
Rac1 g5 16. Nfe5 Nef6 17. Nxd7 Nxd7 18. e3 Bf7 19. f4 h5 20. Qd2 a5 21. cxd5
exd5 22. fxg5 Qxg5 23. Rf4 Bg6 24. Rcf1 Rf6 25. Ne1 Qh6 26. Nf3 b6 27. Nh4 Raf8
28. Bh3 Qh7 29. Qd3 Nb8 30. Nxg6 Qxg6 31. Bxf5 Qg5 32. Kg2 Kg7 33. e4 dxe4 34.
Qxe4 Na6 35. h4 Qh6 36. Qe5 Nb4 37. Be4 Nd5 38. Bxd5 cxd5 39. Rxf6 1-0